000
00338nam a2200145Ia 4500
008
090124s9999 xx 000 0 und d
082
_b
304301
245
_a
पालखी
250
_a
1
260
_b
लिमये उषा
_c
2001
300
_a
79
630
_a
पालखी
730
_a
पालखी
942
_c
BOOK
999
_c
194202
_d
194202